00273nam a2200109Ia 4500003000400000008004100004040001600045082001600061245003300077260004300110300001000153GCL140319s9999 xx 000 0 eng d aGCL / cGCL04a631.41bT P10aPrinciples of sail chemistry a[S.N] : bMacmillan Publishing Company a362 P